Central Library OPAC University of Rajshahi

Remote sensing and GIS accuracy assessment / (Record no. 12580)

MARC details
000 -LEADER
fixed length control field 01169cam a22003134a 4500
001 - CONTROL NUMBER
control field 12580
003 - CONTROL NUMBER IDENTIFIER
rucl marc code BD-RjUL
005 - DATE AND TIME OF LATEST TRANSACTION
control field 20211208235323.0
008 - FIXED-LENGTH DATA ELEMENTS--GENERAL INFORMATION
fixed length control field 140129s2004 fluab b 101 0 eng
020 ## - INTERNATIONAL STANDARD BOOK NUMBER
International Standard Book Number 156670443X
035 ## - SYSTEM CONTROL NUMBER
System control number (BD-RjUL)12629
040 ## - CATALOGING SOURCE
Original cataloging agency DLC
Transcribing agency DLC
Modifying agency DLC
-- BD-RjUL
Language of cataloging eng
041 ## - LANGUAGE CODE
Language code of text/sound track or separate title eng
082 00 - DEWEY DECIMAL CLASSIFICATION NUMBER
Classification number 621.3678
Edition number 22
Author mark and year REM 2004
245 00 - TITLE STATEMENT
Title Remote sensing and GIS accuracy assessment /
Statement of responsibility, etc. edited by Ross S. Lunetta, John G. Lyon.
260 ## - PUBLICATION, DISTRIBUTION, ETC. (IMPRINT)
Place of publication, distribution, etc. Boca Raton, Fla. :
Name of publisher, distributor, etc. CRC Press,
Date of publication, distribution, etc. 2004.
300 ## - PHYSICAL DESCRIPTION
Pagination 304 p. :
Illustrations ill. (some col.), maps (some col.) ;
Size 26 cm.
500 ## - GENERAL NOTE
General note Results of a symposium held in Las Vegas, Nev., Dec. 11-13, 2001.
504 ## - BIBLIOGRAPHY, ETC. NOTE
Bibliography, etc Includes bibliographical references and index.
650 #0 - SUBJECT ADDED ENTRY--TOPICAL TERM
Topical term or geographic name as entry element Remote sensing
Form subdivision Congresses.
9 (RLIN) 39190
Topical term or geographic name as entry element Geographic information systems
Form subdivision Congresses.
9 (RLIN) 39191
Topical term or geographic name as entry element Spatial analysis (Statistics)
Form subdivision Congresses.
9 (RLIN) 39192
700 1# - ADDED ENTRY--PERSONAL NAME
Personal name Lunetta, Ross S.
Personal name Lyon, J. G.
Fuller form of name (John G.)
856 42 - ELECTRONIC LOCATION AND ACCESS
Materials specified Publisher description
Uniform Resource Identifier <a href="http://www.loc.gov/catdir/enhancements/fy0646/2004045728-d.html">http://www.loc.gov/catdir/enhancements/fy0646/2004045728-d.html</a>
942 ## - ADDED ENTRY ELEMENTS (KOHA)
Source of classification or shelving scheme Dewey Decimal Classification
Koha item type Books
Holdings
Lost status Source of classification or shelving scheme Damaged status Not for loan Collection code Permanent Location Current Location Shelving location Date acquired Source of acquisition Cost, normal purchase price Total Checkouts Full call number Date last seen Copy number Koha item type
  Dewey Decimal Classification     Non-fiction Central Library, University of Rajshahi Central Library, University of Rajshahi   12/12/2005 paragon Enterprises Dhaka 129.95   621.3678 REM 2004 29/01/2014 C-2 Books
  Dewey Decimal Classification   Not For Loan Non-fiction Central Library, University of Rajshahi Central Library, University of Rajshahi Reading Room 12/12/2005 Dhaka, Paragon Enterprises Ltd 129.95   621.3678 REM 2004 15/03/2017 C-1 Books